[Event "World Amateur-ch U1700 (Women)"]
[Site "Muscat"]
[Date "2023.11.06"]
[Round "5"]
[White "Al Reem, Al Hamadi"]
[Black "Sara, Gadalla Karar"]
[Result "0-1"]
[WhiteElo "1113"]
[BlackElo "1383"]
[PlyCount "58"]
[EventDate "2023.11.02"]
[EventType "swiss"]
[EventRounds "9"]
[EventCountry "OMN"]
[SourceTitle "CBM 217 Extra"]
[Source "ChessBase"]
[SourceDate "2024.01.31"]
[SourceVersion "1"]
[SourceVersionDate "2024.01.31"]
[SourceQuality "1"]

1. d4 d5 2. c4 e6 3. Nc3 Bb4 4. Qc2 Nf6 5. Bg5 Bxc3+ 6. Qxc3 b6 7. Nf3 Bb7 8. Bxf6 Qxf6 9. cxd5 0-0 10. dxe6 Qxe6 11. Qxc7 Bxf3 12. gxf3 Rc8 13. Qg3 Nd7 14. Bh3 Qe7 15. e3 Rc2 16. b3 Rac8 17. 0-0 R8c7 18. Bxd7 Qxd7 19. Kh1 h6 20. Rfd1 R7c6 21. a4 Rg6 22. Qh4 Qf5 23. Qe4 Qh3 24. Rg1 Rxf2 25. Qf4 Rxf3 26. Qb8+ Kh7 27. Rxg6 fxg6 28. Qe5 Rf1+ 29. Rxf1 Qxf1# 0-1

[Event "World Amateur-ch U1700 (Women)"]
[Site "Muscat"]
[Date "2023.11.02"]
[Round "1"]
[White "Al Reem, Al Hamadi"]
[Black "Abeer, Ali"]
[Result "0-1"]
[WhiteElo "1113"]
[BlackElo "1548"]
[PlyCount "44"]
[EventDate "2023.11.02"]
[EventType "swiss"]
[EventRounds "9"]
[EventCountry "OMN"]
[SourceTitle "CBM 217 Extra"]
[Source "ChessBase"]
[SourceDate "2024.01.31"]
[SourceVersion "1"]
[SourceVersionDate "2024.01.31"]
[SourceQuality "1"]

1. d4 Nf6 2. c4 e6 3. Nc3 Bb4 4. Qc2 Bxc3+ 5. Qxc3 d6 6. Nf3 0-0 7. e3 b6 8. Bd3 Bb7 9. 0-0 Nbd7 10. Nd2 e5 11. d5 Nc5 12. Bc2 Re8 13. e4 a5 14. b3 Bc8 15. f3 Nh5 16. Re1 Nf4 17. Nf1 Qg5 18. Ng3 g6 19. Be3 h5 20. Qd2 h4 21. Nh1 Kg7 22. Kf2 Qxg2# 0-1